000 00267nam a22000977a 4500
999 _c11671
_d11671
008 191126b ||||| |||| 00| 0 eng d
020 _a9789351848905
100 _aBatra Sunil Er
_97373
245 _aModern's Abc Science Physics-X
260 _aNew Delhi
_bModern Publishers